India's contribution to the study of Hadith literature / (Record no. 20827)

MARC details
000 -LEADER
fixed length control field 00780cam a2200241u 4500
001 - CONTROL NUMBER
control field 10413685
003 - CONTROL NUMBER IDENTIFIER
control field BDDh-ASL
005 - DATE AND TIME OF LATEST TRANSACTION
control field 20231015025936.0
008 - FIXED-LENGTH DATA ELEMENTS--GENERAL INFORMATION
fixed length control field 820929s19761955b 000 0 eng
010 ## - LIBRARY OF CONGRESS CONTROL NUMBER
LC control number 74209872
040 ## - CATALOGING SOURCE
Original cataloging agency DLC
Transcribing agency CarP
Modifying agency DLC
-- BDDh-ASL
043 ## - GEOGRAPHIC AREA CODE
Geographic area code a-ii---
050 00 - LIBRARY OF CONGRESS CALL NUMBER
Classification number AS472
Item number .D3 no. 22
082 ## - DEWEY DECIMAL CLASSIFICATION NUMBER
Classification number 297.5
Item number ISI
100 1# - MAIN ENTRY--PERSONAL NAME
Personal name Ishaq, Muhammad,
Dates associated with a name 1914- [from old catalog]
245 10 - TITLE STATEMENT
Title India's contribution to the study of Hadith literature /
260 ## - PUBLICATION, DISTRIBUTION, ETC.
Place of publication, distribution, etc. [Dacca]:
Name of publisher, distributor, etc. University of Dacca,
Date of publication, distribution, etc. 1976.
300 ## - PHYSICAL DESCRIPTION
Extent xiv, 270 p.
Dimensions 22 cm.
650 #0 - SUBJECT ADDED ENTRY--TOPICAL TERM
Topical term or geographic name entry element Hadith
General subdivision Study and teaching
Geographic subdivision India.
810 1# - SERIES ADDED ENTRY--CORPORATE NAME
Corporate name or jurisdiction name as entry element Dacca, Pakistan (City).
Subordinate unit University.
Title of a work Bulletin,
Volume/sequential designation no. 22. [from old catalog]
906 ## - LOCAL DATA ELEMENT F, LDF (RLIN)
a 0
b cbc
c premunv
d u
e ncip
f 19
g y-gencatlg
942 ## - ADDED ENTRY ELEMENTS (KOHA)
Source of classification or shelving scheme Dewey Decimal Classification
Koha item type Books
Holdings
Withdrawn status Lost status Source of classification or shelving scheme Damaged status Not for loan Collection code Home library Current library Shelving location Date acquired Source of acquisition Total Checkouts Full call number Barcode Date last seen Copy number Price effective from Koha item type
    Dewey Decimal Classification     Non-fiction Asiatic Society Library Asiatic Society Library General Stacks 01/14/2021 Donated by Prof. Husniara Huq   297.5 ISI 104330 01/14/2021 C-1 01/14/2021 Books
    Dewey Decimal Classification     Non-fiction Asiatic Society Library Asiatic Society Library General Stacks 05/01/2021 ASB Library Collections   297.5 ISI 109348 05/01/2021 C-2 05/01/2021 Books
    Dewey Decimal Classification     Non-fiction Asiatic Society Library Asiatic Society Library Sirajul Islam Collection 07/14/2021 Donated by Professor Sirajul Islam, FRHS   297.5 ISI 110149 07/14/2021 C-3 07/14/2021 Books

Powered by Koha